000 00432nam a2200181Ia 4500
001 14420
005 20260306164913.0
008 260306t1999||||xx |||||||||||||| ||spa||
041 _aESP
082 _a514.742
_bM22
100 _aMandelbrot, Benoit B.,
_eAUT
245 4 _aThe fractal geometry of nature
260 _c1999
300 _a468 páginas :
_c24 cm.
650 _aGEN
654 _aCMA
942 _cLIB
_dJUS
_fJUS
_2ddc
_n
999 _c14420
_d14420